Geographical Locations Starting with N - Statistics

General Stats
  • This quiz has been taken 106 times
    73 since last reset
  • The average score is 17 of 20
Answer Stats
Hint Answer % Correct
Japanese city targeted with Atomic bombs during WWII Nagasaki
98%
U.S. state whose capital is Lincoln Nebraska
95%
The Big Apple {New} {York}
95%
Kim Jong-un's country {North} {Korea}
95%
City in Tennessee dubbed Music City Nashville
93%
One of the Scandinavian countries Norway
93%
Holland {The} {Netherlands}
93%
The capital of Cyprus Nicosia
92%
The largest city in the state of Louisiana, United States {New} {Orleans}
90%
Territory in Australia which has Darwin as its capital {Northern} Territory
90%
Capital of the Bahamas Nassau
89%
A country in South Asia between China and India. Nepal
89%
Although born in Bethlehem, Jesus is said to be from this place Nazareth
87%
Another term for Aurora Borealis {Northern} {Lights}
79%
A large island off the coast of eastern Canada Newfoundland
77%
Yaren is its capital Nauru
74%
16th century "Age of Discovery" term used to describe the majority of Earth's Western Hemisphere, specifically the Americas The {New} {World}
74%
An inhabitant or resident of Naples Neapolitan
64%
Large island with area in Asia and Oceania {New} {Guinea}
64%
Capital of Niger Niamy
62%
No matching quizzes found
Score Distribution
Percent of People with Each Score
Percentile by Number Answered
Your Score History
You have not taken this quiz since the last reset